Hát đố và hát đối trong sinh hoạt hò hát dân gian người Việt
Tìm hiểu về hát đố, hát đối trong sinh hoạt hò hát dân gian người Việt. Giới thiệu bộ sưu tập các bài hát đố, hát đối tiêu biểu của người Việt
Guardado en:
| Autor principal: | |
|---|---|
| Formato: | Libro |
| Lenguaje: | Undetermined |
| Publicado: |
Hà Nội
Văn hóa Thông tin
2014
|
| Materias: | |
| Etiquetas: |
Agregar Etiqueta
Sin Etiquetas, Sea el primero en etiquetar este registro!
|
| Thư viện lưu trữ: | Trung tâm Học liệu Trường Đại học Cần Thơ |
|---|
| LEADER | 00939nam a2200217Ia 4500 | ||
|---|---|---|---|
| 001 | CTU_190964 | ||
| 008 | 210402s9999 xx 000 0 und d | ||
| 082 | |a 781.629592 | ||
| 082 | |b Tr309 | ||
| 100 | |a Triều Nguyên | ||
| 245 | 0 | |a Hát đố và hát đối trong sinh hoạt hò hát dân gian người Việt | |
| 245 | 0 | |c Triều Nguyên | |
| 260 | |a Hà Nội | ||
| 260 | |b Văn hóa Thông tin | ||
| 260 | |c 2014 | ||
| 520 | |a Tìm hiểu về hát đố, hát đối trong sinh hoạt hò hát dân gian người Việt. Giới thiệu bộ sưu tập các bài hát đố, hát đối tiêu biểu của người Việt | ||
| 650 | |a Folk music,Âm nhạc dân gian | ||
| 650 | |x History and criticism,Lịch sử và phê bình | ||
| 650 | |z Vietnam,Việt Nam | ||
| 910 | |a Hải | ||
| 980 | |a Trung tâm Học liệu Trường Đại học Cần Thơ | ||